Ч. 2: Дифференциальное исчисление функций нескольких переменных; Дифференциальное и интегральное исчисление

Detalhes bibliográficos
Parent link:Дифференциальное и интегральное исчисление: учебное пособие/ М. Р. Куваев; Томский государственный университет (ТГУ). Ч. 2: Дифференциальное исчисление функций нескольких переменных.— , 1973
Idioma:russo
Publicado em: 1973
Assuntos:
Formato: MixedMaterials Livro
KOHA link:https://koha.lib.tpu.ru/cgi-bin/koha/opac-detail.pl?biblionumber=122510

MARC

LEADER 00000nam2a2200000 4500
001 122510
005 20231031130047.0
035 |a (RuTPU)RU\TPU\book\132639 
090 |a 122510 
100 |a 20071004d1973 m y0rusy50 ca 
101 0 |a rus 
102 |a RU 
105 |a a j 000zy 
200 0 |a Ч. 2: Дифференциальное исчисление функций нескольких переменных 
210 |d 1973 
215 |a 376 с.  |c ил. 
461 1 |0 (RuTPU)RU\TPU\book\142874  |t Дифференциальное и интегральное исчисление  |o учебное пособие  |f М. Р. Куваев  |g Томский государственный университет (ТГУ)  |v Ч. 2: Дифференциальное исчисление функций нескольких переменных  |d 1973 
610 1 |a математика 
610 1 |a дифференциальное исчисление 
610 1 |a интегральное исчисление 
610 1 |a функции нескольких переменных 
610 1 |a экстремумы 
610 1 |a неявные функции 
610 1 |a отображения 
675 |a 517.2(075.8)  |v 3 
675 |a 517.3(075.8)  |v 3 
801 1 |a RU  |b 63413507  |c 20071004  |g PSBO 
801 2 |a RU  |b 63413507  |c 20220310  |g PSBO 
942 |c BK